000 01406nam a2200301Ia 4500
003 OSt
005 20250415141758.0
008 191128t2002 ck dr 000 f spa d
020 _a9580464936
040 _aCO-JMCR
_cCO-JMCR
041 _aspa
082 0 4 _aA-N
_bHARm
100 1 _aHarris, Dorothy Joan,
_eautora
_97364
245 1 0 _aMelany:
_bhistoria de una anoréxica /
_cDorothy Joan Harris
260 _aBogotá :
_bNorma,
_c©2002.
300 _a208 Páginas ;
_c21 cm.
490 0 _aZona libre
505 0 _aEl casillero del cumpleaños -- ¡Urgencia hospitalaria -- Gordura de infancia -- Contando calorías -- Depre de cumpleaños -- Rutinas de almuerzo -- Comienza las batallas -- La doctora Leeman -- ¿Alguien en quien confiar? -- Louanne -- Un ataque de ira
520 3 _aNo, para nada raro - Contestó con mucha seguridad -. Tienes que pensar en algo durante todo el día, tu mente no puede estar todo el tiempo en blanco. Y pensar en comida, comidas que ya comiste o comidas que te gustaría comer o cómo preparar algo que quise
534 _pEven if it kills me
650 1 4 _aNovela juvenil.
_97365
650 2 4 _aNovela canadiense.
_ySiglo xx
_914032
650 2 4 _aAnorexia en La Literatura.
_941889
650 2 4 _aJóvenes en la literatura.
_9835
650 2 4 _aVida cotidiana en la literatura.
700 1 _aPombo Abondado, Juan Manuel,
_etraductor
_97366
942 _2ddc
_cBK
999 _c3976
_d3976